| 000 | 00741 a2200205 4500 | ||
|---|---|---|---|
| 010 | _aENG-88924 | ||
| 020 |
_c850.00 _a8176258172 |
||
| 035 | _aEN-72457 | ||
| 037 | _bDBAD / PUB | ||
| 082 | _a305.562 | ||
| 090 |
_c9663 _d9663 |
||
| 245 | 1 |
_aDalit literature: _cedited by Amar Nath Prasad [and] M. B. Gaijan _ba critical exploration/ |
|
| 260 |
_aNew Delhi _bSarup & Sons _c2007 |
||
| 270 |
_a4740/23, Ansari Road, Darya Ganj _bNew Delhi _e110 002. _k011- 23281029, 011-23244664 _l011- 23277098 |
||
| 300 |
_axvi, 324 p. _c23m (Hb.) |
||
| 500 | _aIncludes Index | ||
| 700 | 1 | _aGaijan, M. B. . | |
| 942 |
_adpl _cEN _k305.562 / PRA |
||
| 999 |
_c9488 _d9488 |
||